Normal view
MARC view
Entry Personal Name
001 - CONTROL NUMBER
- control field: 37623
003 - CONTROL NUMBER IDENTIFIER
- control field:
005 - DATE AND TIME OF LATEST TRANSACTION
- control field: 20240402161431.0
008 - FIXED-LENGTH DATA ELEMENTS
- fixed length control field: 240402|| aca||aabn | a|a d
040 ## - CATALOGING SOURCE
- Original cataloging agency:
- Transcribing agency:
100 ## - HEADING--PERSONAL NAME
- Personal name: Colton, Raymond Roosevelt
670 ## - SOURCE DATA FOUND
- Source citation: Work cat.: ()18804: ARKIN, Herbert 1906 aut 37620, Tables for statisticians /, 1963
